01330nab a2200193 i 4500001000400000003000400004005001700008008003900025040000800064080001000072100014900082245014100231260001000372500002100382520055400403650002300957650002900980773012701009BPPBPK20190610114319.0150525s1990 pl n f |000 0pol cBPK a621.9 aHRYNIEWICZ, Tadeusz.d1971 - 1996.bWyższa Szkoła Inżynierska w Koszalinie - Wydział Mechaniczny,cZakład Elektrotechniki i Elektrochemii aCzystość powierzchni metali i metody jej oceny =bMetal surface cleanliness and the methods of the evaluating /cTadeusz Hryniewicz. c1990. aDane z autopsji. aCzystość powierzchni przed nałożeniem różnego rodzaju powłok ochronnych i dekoracyjnych odgrywa zasadniczą rolę w ich jakości i trwałości adhezji tych powłok do podłoża. W artykule zwrócono uwagę na niektóre metody oceny powierzchni metali, związane w szczególności z ich energią powierzchniową. Stopień czystości powierzchni metali powinien być różny dla różnych technologii. Zaprezentowano nową metodę badania czystości powierzchni wraz z wykazem roztworów do oceny powierzchni stali. 0aPowłoki ochronne. 0aInżynieria powierzchni iW :tZeszyty Naukowe Wydziału Mechanicznego Wyższej Szkoły Inżynierskiej w Koszalinie. -g1990, nr 14 [37], s. 77-90